[Event "Politiken Cup 37th"]
[Site "Helsingor"]
[Date "2015.07.28"]
[Round "5"]
[White "Merkesvik, Amalie Isabel"]
[Black "Johannessen, Lars Peter M"]
[Result "1-0"]
[WhiteElo "1461"]
[BlackElo "1718"]
[PlyCount "59"]
[EventDate "2015.07.25"]
[EventType "swiss"]
[EventRounds "10"]
[EventCountry "DEN"]
[SourceTitle "CBM 167 Extra"]
[Source "ChessBase"]
[SourceDate "2015.09.14"]
[SourceVersion "1"]
[SourceVersionDate "2015.09.14"]
[SourceQuality "1"]

1. e4 d5 2. exd5 Qxd5 3. Nf3 Nf6 4. d4 c6 5. Nc3 Qa5 6. h3 h6 7. Bd3 e6 8. Bd2 Qc7 9. 0-0 Bd6 10. Re1 Bf4 11. Ne2 Bxd2 12. Qxd2 Nbd7 13. c4 0-0 14. Rac1 b6 15. d5 Nc5 16. d6 Qd8 17. b4 Nxd3 18. Qxd3 Bd7 19. c5 b5 20. Nc3 a6 21. Ne5 Re8 22. Qf3 Rf8 23. Nxc6 Qe8 24. Ne7+ Kh8 25. Ne4 Bc6 26. Nxf6 Bxf3 27. Nxe8 Rfxe8 28. gxf3 Rad8 29. Red1 Rd7 30. c6 1-0

[Event "Politiken Cup 36th"]
[Site "Helsingor"]
[Date "2014.07.29"]
[Round "10"]
[White "Tretvold, Martin"]
[Black "Johannessen, Lars Peter M"]
[Result "1-0"]
[WhiteElo "1857"]
[BlackElo "1711"]
[PlyCount "77"]
[EventDate "2014.07.21"]
[EventType "swiss"]
[EventRounds "10"]
[EventCountry "DEN"]
[SourceTitle "CBM 161 Extra"]
[Source "ChessBase"]
[SourceDate "2014.08.29"]
[SourceVersion "1"]
[SourceVersionDate "2014.08.29"]
[SourceQuality "1"]

1. c4 Nf6 2. g3 e6 3. Bg2 d5 4. Nf3 b6 5. 0-0 Nbd7 6. d4 Bd6 7. Nc3 a6 8. Ne5 Bb7 9. Bf4 0-0 10. Qa4 Bxe5 11. dxe5 Nc5 12. Qc2 Ne8 13. cxd5 exd5 14. Rfd1 c6 15. e4 d4 16. Na4 Nxa4 17. Qxa4 c5 18. b3 Nc7 19. Rac1 Ne6 20. Bd2 Qe7 21. f4 Rfd8 22. Rf1 Rac8 23. f5 Nf8 24. f6 Qe6 25. fxg7 Kxg7 26. Rf5 b5 27. Qa3 c4 28. Bg5 b4 29. Qb2 c3 30. Qe2 Ng6 31. Qh5 Nxe5 32. Rxe5 Qb6 33. Rf1 Qg6 34. Qh4 Rd6 35. Re7 Ba8 36. Rfxf7+ Qxf7 37. Rxf7+ Kxf7 38. Qxh7+ Ke8 39. Qe7# 1-0

[Event "Politiken Cup 36th"]
[Site "Helsingor"]
[Date "2014.07.27"]
[Round "8"]
[White "Rose, Dennis Lauge"]
[Black "Johannessen, Lars Peter M"]
[Result "1-0"]
[WhiteElo "1839"]
[BlackElo "1711"]
[PlyCount "105"]
[EventDate "2014.07.21"]
[EventType "swiss"]
[EventRounds "10"]
[EventCountry "DEN"]
[SourceTitle "CBM 161 Extra"]
[Source "ChessBase"]
[SourceDate "2014.08.29"]
[SourceVersion "1"]
[SourceVersionDate "2014.08.29"]
[SourceQuality "1"]

1. f4 e6 2. Nf3 b6 3. e3 Bb7 4. b3 Nf6 5. Bb2 d5 6. Nc3 Be7 7. Ne5 c6 8. Bd3 Nbd7 9. Ng4 Qc7 10. Qf3 0-0-0 11. 0-0-0 a6 12. a4 Nc5 13. Be2 Rhg8 14. Ne5 Bd6 15. Nd3 Nce4 16. g4 Nxc3 17. Bxc3 Ne4 18. Bb2 Qe7 19. Qf1 Ba3 20. g5 Bxb2+ 21. Nxb2 Qa3 22. Kb1 b5 23. Bd3 Qb4 24. Qe2 Kc7 25. Ka2 bxa4 26. Nxa4 Qa5 27. Kb2 Rd6 28. c3 c5 29. Ra1 Ra8 30. Rhc1 Kd7 31. h4 c4 32. Bxe4 dxe4 33. b4 Qb5 34. Nc5+ Kc6 35. Ra5 Qb6 36. Kc2 Rad8 37. Rd1 Rd3 38. Na4 Qa7 39. Nb2 Kc7 40. Nxc4 Bc6 41. Rc5 Qb7 42. Na5 Qb5 43. Rxb5 Bxb5 44. Qg2 Ba4+ 45. Nb3 Bxb3+ 46. Kxb3 a5 47. bxa5 Rb8+ 48. Kc2 Rd5 49. Qxe4 Rdb5 50. Qc4+ Kd7 51. Qd4+ Ke7 52. Qxg7 Rb2+ 53. Kd3 1-0

[Event "Politiken Cup 36th"]
[Site "Helsingor"]
[Date "2014.07.24"]
[Round "5"]
[White "Johannessen, Lars Peter M"]
[Black "Strachan, Christian C"]
[Result "1-0"]
[WhiteElo "1711"]
[BlackElo "1918"]
[PlyCount "73"]
[EventDate "2014.07.21"]
[EventType "swiss"]
[EventRounds "10"]
[EventCountry "DEN"]
[SourceTitle "CBM 161 Extra"]
[Source "ChessBase"]
[SourceDate "2014.08.29"]
[SourceVersion "1"]
[SourceVersionDate "2014.08.29"]
[SourceQuality "1"]

1. e4 e6 2. d4 d5 3. exd5 exd5 4. Bd3 Nc6 5. c3 Bd6 6. Nf3 Nge7 7. Qc2 Bg4 8. Nh4 Qd7 9. h3 Be6 10. Be3 0-0-0 11. Nd2 f5 12. f4 h6 13. Nhf3 Ng6 14. Ne5 Bxe5 15. fxe5 Na5 16. Nf3 Nc4 17. Bc1 Ne7 18. b3 Nb6 19. Ba3 f4 20. Nh4 Rhe8 21. Ng6 Nxg6 22. Bxg6 Bf7 23. Bf5 Be6 24. Bg6 Bf7 25. Bf5 Be6 26. Bg6 Rh8 27. Rf1 Kb8 28. Rxf4 Nc8 29. 0-0-0 Ne7 30. Rdf1 b6 31. Bf7 Nc6 32. Qg6 Bxf7 33. Rxf7 Qe8 34. e6 Kb7 35. Re1 Rc8 36. Qg3 g5 37. Bd6 1-0